| 000 | 00592nas a2200217 i 4500 | ||
|---|---|---|---|
| 001 | 2094 | ||
| 003 | ES-MaACL | ||
| 005 | 20250724062558.0 | ||
| 007 | t| | ||
| 008 | 950801d18831891it | | 1 ||re d | ||
| 245 | 0 | 0 |
_aRevue internationale / _cdir. M. Angelo de Gubernatis. |
| 260 |
_aFlorence : _bImp. Pellas, _c1883-1891. |
||
| 300 |
_a2 v. ; _c24 cm. |
||
| 310 | _aQuincenal | ||
| 362 | 0 | _aAño I, t. I (1883)-(1891) | |
| 650 | 7 |
_aCultura _2embne _9170963 |
|
| 700 | 1 |
_aDe Gubernatis, Angelo. _943054 |
|
| 852 |
_aES-MaACL _jB-8000-01 |
||
| 866 | 1 | _o(1883). | |
| 999 |
_c2094 _d2094 |
||